000 00652nam a22002177a 4500
003 UA-OsUOA
001 131990
007 ta
008 20180625b un ||||| |||| 00| 0 ukr d
100 _aРадіонов Ю. Д.
090 _a330(477)
_bР15
942 _cSA
040 _aUA-OsUOA
_bukr
_cUA-OsUOA
_dUA-OsUOA
245 _aБюджетні видатки у забезпеченні суспільного розвитку
300 _aС.29-35
955 _a0
041 _aukr
080 _a330(477)
773 0 _w131984
_tЕкономіка. Фінанси. Право.
_dК.
_d2018
_g5
650 7 _a330 Економіка взагалі
_2UDC
999 _c420466
_d420466